000 00574nam a22002057a 4500
001 ENG-137993
003 dpl
005 20230906144907.0
008 230906b |||||||| |||| 00| 0 eng d
010 _aEN-121525
020 _a9789381234952
040 _cDBAD/PUB
082 _22021
_a304.80954
100 _aKumar, Pramod
_956005
245 _aMigration and Social change/
_hEnglish
_cBy Pramod Kumar
250 _aFirst Edition
260 _aDelhi
_bAnkit Publication
_c2021
300 _a216(p)
_c22cm.(Hb)
942 _2ddc
_cEN
_h304.80954
_mPRA
999 _c197882
_d197882